000 00655nam a2200193Ia 4500
003 IN-BaIIA
008 211028s9999 xx 000 0 eng d
040 _cIIA Library
080 _a02.551.5505
_bURS
245 0 _aManuel des stations Lonospheriques Ionospheric Station Manuals
_cedited by E. Herbays , N. J. G. Beynon, and G. M. Browin
260 _aBruxelles
_bSecretariat General De URSI
_c1988
650 _aAstronomy and Astrophysics Thesaurus
650 _aIonospheric Stations
_93751
650 _aManuals
_93889
700 _aBeynon, N. J. G. ed.
_93890
700 _aBrowin, G. M., ed.
_93891
700 _aE. Herbays, ed.
_93892
942 _cBK
999 _c2073
_d2073